[Event "Madrid San Viator op-A 31st"]
[Site "Madrid"]
[Date "2019.11.10"]
[Round "8"]
[White "Medina Riesgo, Pedro"]
[Black "Horcajada Reales, Guillermo"]
[Result "0-1"]
[WhiteElo "2123"]
[BlackElo "2154"]
[PlyCount "72"]
[EventDate "2019.09.08"]
[EventType "swiss"]
[EventRounds "9"]
[EventCountry "ESP"]
[SourceTitle "EXT 2022"]
[Source "ChessBase"]
[SourceDate "2021.10.06"]
[SourceVersion "1"]
[SourceVersionDate "2021.10.06"]
[SourceQuality "1"]

1. e4 c5 2. Nf3 Nc6 3. d3 g6 4. g3 Bg7 5. Bg2 Nf6 6. 0-0 d5 7. Nbd2 0-0 8. Re1 d4 9. a4 Qc7 10. Nc4 e5 11. Bd2 Rb8 12. Qc1 Ne8 13. Nh4 b6 14. f4 f6 15. f5 g5 16. Nf3 h5 17. Bxg5 fxg5 18. Qxg5 Nf6 19. h3 Rf7 20. g4 hxg4 21. hxg4 Kf8 22. Qh4 Ng8 23. g5 Qe7 24. Qg3 Ke8 25. f6 Nxf6 26. gxf6 Bxf6 27. Re2 Rg7 28. Qh2 Bg4 29. Rf2 Kd7 30. Kf1 Rbg8 31. Ke2 Rh7 32. Qg1 Kc7 33. Qb1 Bh4 34. Qa2 Bxf2 35. Ncxe5 Be6 36. Nxc6 Kxc6 0-1

[Event "Madrid San Viator op-A 31st"]
[Site "Madrid"]
[Date "2019.09.15"]
[Round "2"]
[White "Padin Lazaro, Jose Manuel"]
[Black "Medina Riesgo, Pedro"]
[Result "0-1"]
[WhiteElo "1847"]
[BlackElo "2123"]
[PlyCount "48"]
[EventDate "2019.09.08"]
[EventType "swiss"]
[EventRounds "9"]
[EventCountry "ESP"]
[SourceTitle "EXT 2022"]
[Source "ChessBase"]
[SourceDate "2021.10.06"]
[SourceVersion "1"]
[SourceVersionDate "2021.10.06"]
[SourceQuality "1"]

1. e4 c5 2. Nf3 g6 3. d4 cxd4 4. Qxd4 Nf6 5. Nc3 Nc6 6. Qa4 Bg7 7. e5 Ng8 8. Bf4 f6 9. exf6 Nxf6 10. 0-0-0 d6 11. Bc4 Qa5 12. Qb3 Qf5 13. Bg3 Bd7 14. Rhe1 Na5 15. Qb4 Nxc4 16. Qxc4 Rc8 17. Rxe7+ Kxe7 18. Bxd6+ Kd8 19. Qf7 Bh6+ 20. Kb1 Rxc3 21. Nd4 Qxf2 22. Bg3 Rxg3 23. hxg3 Re8 24. Nf3 Rf8 0-1

[Event "Alcorcon Spring op-A 1st"]
[Site "Alcorcon"]
[Date "2019.05.12"]
[Round "7"]
[White "Medina Riesgo, Pedro"]
[Black "Periotto Miori, Fabrizio Lautaro"]
[Result "1-0"]
[WhiteElo "2195"]
[BlackElo "1634"]
[PlyCount "73"]
[EventDate "2019.03.24"]
[EventType "swiss"]
[EventRounds "9"]
[EventCountry "ESP"]
[SourceTitle "EXT 2020"]
[Source "ChessBase"]
[SourceDate "2019.10.17"]
[SourceVersion "1"]
[SourceVersionDate "2019.10.17"]
[SourceQuality "1"]

1. e4 c5 2. Nf3 d6 3. d3 Nc6 4. g3 g6 5. Bg2 Bg7 6. 0-0 e6 7. Re1 Nge7 8. c3 0-0 9. h4 f5 10. Nbd2 Qc7 11. h5 b5 12. hxg6 hxg6 13. exf5 Nxf5 14. Ng5 Rb8 15. Rxe6 Ne5 16. Rxg6 Nxg6 17. Bd5+ Kh8 18. Qh5+ Nh6 19. Qxg6 Bf5 20. Qh5 Qe7 21. Nde4 Bxe4 22. dxe4 Qf6 23. Nh3 b4 24. Bg5 Qf3 25. Qh4 Qg4 26. Bxh6 Qxh4 27. Bxg7+ Kxg7 28. gxh4 bxc3 29. bxc3 Rf3 30. Kh2 Rxc3 31. Rg1+ Kf6 32. h5 Rh8 33. Rg6+ Ke5 34. h6 Rf3 35. Kg2 Ra3 36. Ng5 Kd4 37. h7 1-0

[Event "Madrid-chT 1819"]
[Site "Madrid"]
[Date "2019.01.27"]
[Round "7.5"]
[White "Renteria Becerra, Jorge Elicer"]
[Black "Medina Riesgo, Pedro"]
[Result "1-0"]
[WhiteElo "2227"]
[BlackElo "2141"]
[PlyCount "67"]
[EventDate "2018.11.17"]
[EventType "team-tourn"]
[EventRounds "14"]
[EventCountry "ESP"]
[SourceTitle "CBM 189 Extra"]
[Source "ChessBase"]
[SourceDate "2019.06.03"]
[SourceVersion "1"]
[SourceVersionDate "2019.06.03"]
[SourceQuality "1"]
[WhiteTeam "Blanco y Negro"]
[BlackTeam "Alcorcon"]
[WhiteTeamCountry "ESP"]
[BlackTeamCountry "ESP"]

1. e4 c5 2. Nf3 g6 3. d4 cxd4 4. Nxd4 Nf6 5. Nc3 Nc6 6. Be3 Bg7 7. Bc4 Qa5 8. 0-0 0-0 9. Bb3 d6 10. h3 Bd7 11. Nf3 Rac8 12. Re1 Qh5 13. Bg5 Ne5 14. Nxe5 Qxg5 15. Nf3 Qa5 16. e5 dxe5 17. Nxe5 Rcd8 18. Qf3 Be6 19. Qxb7 Nd7 20. Nc6 Qb6 21. Qxb6 Nxb6 22. Nxd8 Rxd8 23. Rad1 Rb8 24. Bxe6 fxe6 25. Rxe6 Kf7 26. Rc6 Rb7 27. b3 Nd7 28. Na4 h6 29. Nc5 Nxc5 30. Rxc5 Bf6 31. c4 Rb6 32. Rc8 Ra6 33. Rd2 Re6 34. g3 1-0